Normal view
MARC view
- Criminal justice, Administration of
Entry Topical Term
001 - CONTROL NUMBER
- control field: 4823
003 - CONTROL NUMBER IDENTIFIER
- control field: NUST
005 - DATE AND TIME OF LATEST TRANSACTION
- control field: 20170922112114.0
008 - FIXED-LENGTH DATA ELEMENTS
- fixed length control field: 170922|| aca||aabn | a|a d
040 ## - CATALOGING SOURCE
- Original cataloging agency: NUST
- Transcribing agency: NUST
150 ## - HEADING--TOPICAL TERM
- Topical term or geographic name entry element: Criminal justice, Administration of
- Geographic subdivision: Pakistan
- Geographic subdivision: Khyber Pakhtunkhwa
- General subdivision: History
- Chronological subdivision: 19th century
- Form subdivision: Sources.
670 ## - SOURCE DATA FOUND
- Source citation: Work cat.: (NUST)0: The Frontier crimes regulation :
